MARC

Tag First Indicator Second Indicator Subfields
LEADER 00000cam a2200000Ia 4500
001 in00002323521
005 20190326204454.0
006 m | d |
007 cr |n||||||||n
008 910909s1775 enk s 000 0 eng d
040 |a NYG  |c GKS  |d OCL  |d Thomson Gale  |d UtOrBLW 
043 |a e-uk---  |a n-us--- 
100 1 |a Burke, Edmund,  |d 1729-1797. 
245 1 0 |a Speech of Edmund Burke, Esq., on American taxation :  |b April 19, 1774. 
250 |a 4th ed. 
264 3 |a London :  |b Printed for J. Dodsley,  |c 1775. 
300 |a 96 pages ;  |c 22 cm. 
336 |a text  |b txt  |2 rdacontent 
337 |a computer  |b c  |2 rdamedia 
338 |a online resource  |b cr  |2 rdacarrier 
500 |a Reproduction of original from Library of Congress. 
500 |a Goldsmiths'-Kress number 12445.0-1. 
510 4 |a OCLC,  |c 24346000 
533 |a Electronic reproduction.  |b Farmington Hills, Mich. :  |c Thomson Gale,  |d 2005.  |f (The making of the modern world).  |n Available via the World Wide Web.  |n Access limited to licensing agreements.  |7 s2005 miunns 
500 |a Electronic resource. 
651 0 |a Great Britain  |x Colonies  |z America  |x Economic policy. 
651 0 |a United States  |x Politics and government  |y 1775-1783. 
651 0 |a United States  |x History  |y Revolution, 1775-1783  |x Causes. 
655 0 |a Electronic books. 
830 0 |a Making of the modern world (Goldsmiths'-Kress Library of Economic Literature) 
856 4 0 |u http://proxy.library.tamu.edu/login?url=http://galenet.galegroup.com/servlet/MOME?af=RN&ae=U107373846&srchtp=a&ste=14&locID=txshracd2898  |z Connect to the full text of this electronic book  |t 0 
999 |a MARS 
999 f f |s 14a1469b-6e29-302b-8138-f5d5f3320ca9  |i 43a6927c-48e0-3397-b81d-3df61c486e55  |t 0 
952 f f |a Texas A&M University  |b College Station  |c Electronic Resources  |d Available Online  |t 0  |h No information provided 
998 f f |t 0  |l Available Online